| 000 | 01362nam a22002297a 4500 | ||
|---|---|---|---|
| 999 |
_c58560 _d58560 |
||
| 003 | Ge_BSU | ||
| 005 | 20220603111429.0 | ||
| 008 | 220603s2017 ge ||||| |||| 00| 0 geo d | ||
| 020 | _a9789941468384 | ||
| 041 | _ageo | ||
| 080 | _a811.14'06'276 ა-20 | ||
| 100 |
_aაბულაშვილი, მედეა _913967 |
||
| 245 |
_aბერძნული იდიომები და გამოთქმები ქართულად = Ελληνικοί ιδιωμδμοί και (εκ)φράσεις στα γεωργιανά / _cმედეა აბულაშვილი, ეკა ჭყოიძე ; დიზაინი ალეკო ჯიქურიძე. |
||
| 264 |
_aთბილისი : _bლოგოსი, _c2017. |
||
| 300 |
_a336 გვ. ; _b19 სმ. |
||
| 500 | _aწიგნი ეძღვნება პირველი ქართული უნივერსიტეტის 100 წლის იუბილეს | ||
| 501 | _aსაკუთარ სახელთა საძიებელი და განმარტებანი: გვ. 316-327. | ||
| 504 | _aბიბლიოგრ.: გვ. 328-336. | ||
| 653 | _aიდიომები ბერძნულ ენაში | ||
| 700 |
_aჭყოიძე, ეკა _eავტორი _913968 |
||
| 942 |
_2udc _cBK |
||